000 00903nam a22002177a 4500
999 _c57028
_d57028
005 20191018160047.0
008 191018s2018 en ||||| |||| 00| 0 eng d
020 _a9789941276620
041 _aeng
080 _a159.955 B-74
100 _aBolkvadze, Niaz,
_94846
245 _aThe ecology of thinking - basic means for the salvation of the mankind /
_c Niaz Bolkvadze ; editor : Nugzar Chkhaidze.
264 _aTbilisi,
_c 2018.
300 _a92 p. :
_b phot. ;
_c20 cm.
520 _aტექსტი ინგლისურ და რუსულ ენებზე.
521 _aბიბლიოგრაფია ტექსტის შენიშვნებში.
653 _aაზროვნების ეკოლოგია
653 _aფსიქოლოგია
700 _aChkhaidze , Nugzar
_eრედაქტორი
_94847
942 _2udc
_cBK